[Event "SVK-ch U12"]
[Site "Liptovsky Mikulas"]
[Date "2019.04.23"]
[Round "1"]
[White "Kovacik, Jergus"]
[Black "Volanek, Maros"]
[Result "0-1"]
[WhiteElo "1000"]
[BlackElo "1266"]
[PlyCount "68"]
[EventDate "2019.04.23"]
[EventType "swiss"]
[EventRounds "9"]
[EventCountry "SVK"]
[SourceTitle "CBM 190 Extra"]
[Source "ChessBase"]
[SourceDate "2019.07.15"]
[SourceVersion "1"]
[SourceVersionDate "2019.07.15"]
[SourceQuality "1"]

1. e4 e5 2. Nf3 Nc6 3. Bc4 Bc5 4. c3 Bb6 5. d4 exd4 6. cxd4 d6 7. h3 Nf6 8. Nc3 Ba5 9. Bd3 0-0 10. 0-0 Re8 11. Re1 h6 12. Bc2 a6 13. Re3 Nb4 14. a3 Nxc2 15. Qxc2 Bb6 16. Re2 c6 17. e5 dxe5 18. dxe5 Nd5 19. Nxd5 Qxd5 20. Bf4 Qc5 21. Qxc5 Bxc5 22. Rd1 Be6 23. b4 Bb6 24. Nd4 Bxd4 25. Rxd4 Rad8 26. Red2 Rd5 27. Rxd5 Bxd5 28. f3 Re6 29. Kf2 Kh7 30. g4 f6 31. exf6 Rxf6 32. Rd4 g5 33. Bc7 Rxf3+ 34. Kg2 Rd3+ 0-1